01077nas a2200289Ia 4500001002800000003001000028008004100038040002500079041001300104100001600117210002100133222002100154240002700175245002700202250001100229260000900240501012300249300001400372362003600386500008300422650002400505700001100529942000700540957000600547999003300553952020100586A08/R093-12781 [r000010121]IT-MiCISF161014c99999999xx |||||||||||| ||und|| aIT-MiCISFcIT-MiCISF aFRANCESE aSonet Denis aAmour et famille aAmour et famille aIls n'ont plus la foi! 0aIls n'ont plus la foi! a1a ed. c1985 bCISF - Centro Internazionale Studi Famiglia - Via Giotto, 36 20145 MILANO (non commercial uses only)cCopyright 2016 app. 25-44 an. 149, gennaio-febbraio [1985] a Tema: chiesa, società, educazione-religiosa, pastorale-giovanile, religione aPASTORALEvarticolo aAA.VV. cCR 71 a12781bSig1c229617d229617 0010406A_08_000000000000000_R09312781_R00001012171aCISFbCISFd2016-10-14l0oA08/R093-12781 [r000010121]r2016-10-14 00:00:00w2016-10-14yCRzData import 15.10.2016 / by Epidotti, Vaglietti